| 000 | 01124nam a2200265 a 4500 | ||
|---|---|---|---|
| 001 | 36714 | ||
| 003 | BD-RjUL | ||
| 005 | 20211209052527.0 | ||
| 008 | 140821m19932004ii ||||| ||| 001 0 ben d | ||
| 020 |
_a8170666654 (V-3) _c: IRs. 50.00 |
||
| 020 |
_a8172151373 (V-4) _c : IRs. 40.00 |
||
| 035 | _a(BD-RjUL)36815 | ||
| 040 |
_aBD-RjUL _bben _cBD-RjUL |
||
| 041 | _aben | ||
| 082 |
_a891.44408 _bCHS 1993-2004 _223 |
||
| 100 | 1 |
_aচট্টোপাধ্যায়,সুনীতিকুমার _9111968 |
|
| 245 | 1 | 0 |
_aসাংস্কৃতিকী / _cসুনীতিকুমার চট্টোপাধ্যায় |
| 250 | _a১ম সং | ||
| 260 |
_aকলকাতা : _bআনন্দ পাবলিশার্স প্রাইভেট লিমিটেড, _c১৯৮২ [মুদ্রণ ২০০৪] -- ১৯৯৩ |
||
| 300 |
_a খণ্ড ; _c২২ সেমি. |
||
| 505 | 0 | _aখণ্ড ৩ -- খণ্ড ৪ -- | |
| 650 |
_aবাংলা প্রবন্ধ _xসংগ্রহ _9129461 |
||
| 650 |
_aBengali Essays _xCollections _9129462 |
||
| 942 |
_2ddc _cBK |
||
| 999 |
_c36714 _d36714 |
||